000
00307nam a22001337a 4500
008
171005b xxu||||| |||| 00| 0 eng d
020
_a
0300041330
041
_a
eng
080
_a
159.9
100
_a
49
101
_a
PSI
245
_a
SOCIAL ORIGINS OF DISTRESS AND DISEASE
_c
KLEINMAN,A
942
_2
udc
_c
BK
999
_c
32058
_d
32058